LIBRARY & INFORMATION CENTRE, KCAET, TAVANUR

ONLINE PUBLIC ACCESS CATALOGUE (OPAC)

Pump operation and maintenance / (Record no. 9254)

MARC details
000 -LEADER
fixed length control field 00369cam a2200145ua 4500
003 - CONTROL NUMBER IDENTIFIER
control field OSt
008 - FIXED-LENGTH DATA ELEMENTS--GENERAL INFORMATION
fixed length control field 250306b |||||||| |||| 00| 0 eng d
041 ## - LANGUAGE CODE
Language code of text/sound track or separate title eng
082 ## - DEWEY DECIMAL CLASSIFICATION NUMBER
Classification number 621.6
Item number HIC/PU
100 ## - MAIN ENTRY--AUTHOR NAME
Personal name Hicks, Tyler G .
245 ## - TITLE STATEMENT
Title Pump operation and maintenance /
260 ## - PUBLICATION, DISTRIBUTION, ETC. (IMPRINT)
Place of publication New York :
Name of publisher McGraw Hill Book Company ,
Year of publication 1958.
300 ## - PHYSICAL DESCRIPTION
Number of Pages 310 ; .
942 ## - ADDED ENTRY ELEMENTS (KOHA)
Koha item type Books
Holdings
Withdrawn status Lost status Damaged status Home library Current library Date acquired Full call number Accession Number Koha item type Collection code Shelving location
      KAUAET KAUAET 07/04/2012 621.6 HIC/PU 3626 Books    
      KAUAET KAUAET 07/04/2012 621.6 HIC/PU 18541 Books    
      KAUAET KAUAET 27/08/2022 621.6 HIC/PU 22130 Books General Books General Stacks
free website counter